<The> risk a company faces of falling victim to corporate criminality <a> microeconomic examination

Na minha lista:
Detalhes bibliográficos
Autor principal: Altmayer, Peter
Autor Corporativo: Ekonomická univerzita v Bratislave. Fakulta podnikového manažmentu
Outros Autores: Lénártová, Gizela
Formato: Livro
Idioma:inglês
Publicado em: Bratislava 2008
Assuntos:
Tags: Adicionar Tag
Sem tags, seja o primeiro a adicionar uma tag!

MARC

LEADER 00000nam$a2200000$$$4500
001 0093823
005 20230110080456.0
041 0 |a eng 
044 |a SK 
245 1 0 |a <The> risk a company faces of falling victim to corporate criminality  |b <a> microeconomic examination  |c Peter Altmayer ; škol. Gizela Lénártová 
264 1 |a Bratislava  |c 2008 
300 |a 114 s. 
610 2 0 |a riziko podnikateľské 
610 2 0 |a kriminalita hospodárska 
100 1 |a Altmayer, Peter 
700 1 |a Lénártová, Gizela 
710 2 |a Ekonomická univerzita v Bratislave. Fakulta podnikového manažmentu